|
|
|
|
| LEADER |
00000cam a2200000 a 4500 |
| 001 |
vtls010319937 |
| 003 |
SK-MaSNL |
| 005 |
20260425223140.0 |
| 008 |
251029|2011 xo g f 000 0 slo |
| 015 |
|
|
|a SNBI2012/01-00264
|
| 020 |
|
|
|a 9788080579203 (brož.)
|
| 035 |
|
|
|a 677BE665-E757-4493-90DE-2DDAC6A53871
|
| 035 |
|
|
|a urn:nbn:sk:snk-amjivc
|
| 035 |
|
|
|a urn:nbn:sk:snk-am000y7w
|
| 040 |
|
|
|a SNK
|b slo
|c SNK
|e AACR2
|
| 041 |
0 |
|
|a slo
|
| 043 |
|
|
|a e-xo---
|
| 044 |
|
|
|a xo
|c SK
|
| 072 |
|
7 |
|a 347.7
|x Obchodné právo. Finančné právo. Právo priemyselného vlastníctva. Patentové právo. Autorské právo
|2 konspekt
|
| 080 |
|
|
|a 347.7
|2 2001
|
| 080 |
|
|
|a (437.6)
|2 2001
|
| 080 |
|
|
|a (094.5)
|2 2001
|
| 080 |
|
|
|a (035)
|2 2001
|
| 110 |
1 |
|
|a Slovensko
|4 aut
|9 266955
|
| 240 |
1 |
0 |
|a Obchodný zákonník (1991, novela 2011)
|
| 245 |
1 |
0 |
|a Novelizovaný Obchodný zákonník v úplnom znení s aktualizovanou dôvodovou správou
|b [ročník 2011]
|
| 246 |
1 |
4 |
|a Novelizovaný Obchodný zákonník s aktualizovanou dôvodovou správou v úplnom znení
|
| 250 |
|
|
|a [1. vyd.]
|
| 260 |
|
|
|a Bratislava
|b Epos
|c 2011
|
| 300 |
|
|
|a 175 s.
|c 21 cm
|
| 490 |
1 |
|
|a Novelizované zákony s dôvodovými správami v úplnom znení
|v 12
|
| 500 |
|
|
|a Na obale uvedená Špecializovaná edícia neperiodických publikácií. Predpisy pre podnikateľskú sféru
|
| 504 |
|
|
|a Pozn.
|
| 650 |
0 |
7 |
|a obchodné právo
|2 SNKPH
|9 2216
|
| 650 |
0 |
7 |
|a Commercial law
|2 SNKPHeng
|9 266959
|
| 651 |
|
7 |
|a Slovensko
|2 SNKPH
|9 14231
|
| 651 |
|
7 |
|a Slovakia
|2 SNKPHeng
|9 92630
|
| 655 |
|
7 |
|a zákony
|2 SNKPH
|9 70186
|
| 655 |
|
7 |
|a Laws
|2 SNKPHeng
|9 266957
|
| 655 |
|
7 |
|a príručky
|2 SNKPH
|9 74364
|
| 655 |
|
7 |
|a Handbooks, manuals, etc.
|2 SNKPHeng
|9 90964
|
| 830 |
|
0 |
|a Novelizované zákony s dôvodovými správami v úplnom znení
|9 293588
|
| 919 |
|
|
|a 978-80-8057-920-3
|
| 999 |
|
|
|c 577902
|d 579832
|
| 952 |
|
|
|a SNK
|b SNK
|y PREZ
|7 0
|p 17A0835191
|o snkSC 147979
|i snk2012/2019
|8 0
|0 0
|1 0
|4 0
|d 2012-01-25
|l 0
|r 2025-07-16 00:00:00
|w 2026-02-23
|
| 952 |
|
|
|a SNK
|b SNK
|y VYP
|7 0
|p 17A0835192
|o snkSC 147979 D1
|i snk2012/2020
|8 0
|0 0
|1 0
|4 0
|d 2012-01-25
|f 1
|l 0
|r 2026-02-23 14:39:31
|w 2026-02-23
|